000 00732nam a22001817a 4500
005 20170601115759.0
020 _a9789350719077
_c750.00
035 _aB-666077
037 _adpl
_bVariety/Ven
082 _a336.24
245 _aTaxmann's TDS :
_bhow to meet your obligations as amended by Finance Act 2016/
250 _a22nd ed
260 _aNew Delhi
_bTaxmann Publications
_c2016
270 _a59/32,New Rohtak Road,
_bNew Delhi
_e110005
_k+91-11-45562222
_l-
_m-
300 _aI-31,732p.
_c24cm(pbk)
942 _2ddc
_cEN
_mTAX
_h336.24
999 _c140671
_d140671